000 00540nam a22001457a 4500
003 MACL
005 20200723125816.0
008 200723b xxu||||| |||| 00| 0 eng d
040 _cMACL
100 _aकुमार,विजय
_979139
245 _aजीवन दीप जले ( संघव्रती कार्यकर्ताओं की जीवन गाथा ) भाग -2
260 _aदिल्‍ली
_bसंजीवनी प्रकाशन
_c2018
650 _aजीवनी
_97943
942 _2ddc
_cHIN
999 _c62811
_d62811